Lectures on Polytopes
Αποθηκεύτηκε σε:
| Κύριος συγγραφέας: | |
|---|---|
| Μορφή: | Βιβλίο |
| Γλώσσα: | English |
| Δημοσίευση: |
New York :
Springer-Verlag,
c1995
|
| Σειρά: | Graduate texts in mathematics ;
; 152 |
| Θέματα: | |
| Ετικέτες: |
Προσθήκη ετικέτας
Δεν υπάρχουν, Καταχωρήστε ετικέτα πρώτοι!
|
MARC
| LEADER | 00000nam a2200000 i 4500 | ||
|---|---|---|---|
| 001 | 1/46686 | ||
| 008 | 950718s1995 eng d | ||
| 020 | |a 0-387-94329-3 | ||
| 020 | |a 3-540-94329-3 | ||
| 020 | |a 0-387-94365-X | ||
| 020 | |a 3-540-94365-X | ||
| 035 | |1 ΕΛΗ |a 1995 |b 1807 |c ΧΑΡΑΛΑΜΠΟΥΣ |l 10042863 | ||
| 040 | |a GR-MY-UA |b gre |e aacr | ||
| 041 | 0 | |a eng | |
| 082 | 0 | |a 516.35 | |
| 100 | 1 | |a Ziegler, Gunter M. | |
| 245 | 1 | 0 | |a Lectures on Polytopes / |c Gunter M. Ziegler |
| 260 | |a New York : |b Springer-Verlag, |c c1995 | ||
| 300 | |a 370 p.; |b ill.; |c 24 cm. | ||
| 490 | 1 | |a Graduate texts in mathemativs |v ; 152 | |
| 500 | |a Includes bibliographical references and index | ||
| 650 | 0 | 0 | |a Polytopes. |
| 830 | 0 | |a Graduate texts in mathematics ; |v ; 152 | |
| 852 | |a INST |b SAMOS |e 19950718 |h 516.35 ZIE |p 005300009248 |q 005300009248 |t BK |y 0 | ||
| 852 | |a INST |b SAMOS |e 19990308 |h 516.35 ZIE |p 005300013381 |q 005300013381 |t BK |y 0 | ||
| 901 | |a BIBL-1999-1 | ||
| 909 | |a Σ |b 049345 | ||
| 909 | |a Σ |b 060698 | ||
| 922 | |a 3ΕΛΗ |b 199901 |c ΕΠΕΑΕΚ/ΜΑΘ |d LEADER | ||